Развитие на Адам Мицкевичевите революционни възгледи след 1830 (Запис номер 341803)
[ съкратено ]
| 000 -Лидер | |
|---|---|
| Контролно поле с фиксирана дължина | nam a22 a 4500 |
| 003 - Код на организацията, давaща контролен номер | |
| Контролно поле | BLK |
| 005 - Дата и час на последна редакция | |
| Контролно поле | 20221012130407.0 |
| 008 - Елементи от данни с фиксирана дължина | |
| fixed length control field | 180911b bul|||||r ||||||| ||bul|| |
| 010 ## - Наследен системен номер | |
| LC control number | 001433 |
| 040 ## - Източник на каталожния запис | |
| Идентификатор на билиотеката - собственик на записа | BLK |
| 041 ## - Код за език | |
| Код за езика на текст/звукозапис или на отделно заглавие | Български |
| Код за езика КДБФ | Български |
| 080 ## - УДК | |
| Текстов определител УДК | Полска литература |
| УДК код - определител по УДК | 821.162.1 |
| УДК определител | (092) |
| УДК - код + определител | 821.162.1(092) |
| 080 ## - УДК | |
| Текстов определител УДК | Полски поет |
| УДК код - определител по УДК | 929 Мицкевич, Адам Бернард |
| УДК - код + определител | 929 Мицкевич, Адам Бернард |
| 100 1# - Редна дума - Автор | |
| Автор | Куев, Куйо Марков |
| Авторска отговорност | първи автор |
| R(LIN) | 85155 |
| 139 ## - Редно поле | |
| Редна дума | Куев, Куйо Марков |
| 245 00 - Сведения за заглавието | |
| Заглавие | Развитие на Адам Мицкевичевите революционни възгледи след 1830 |
| Редно поле (дума) | К. Куев |
| 260 ## - Област на издателските данни | |
| Място на издаване, разпространение и проч. | София |
| Име на издателя, разпространителя и проч. | Соф. унив. |
| Година на издаване | 1957 |
| Печатница | Наука и изкуство |
| 300 ## - Физическа характеристика | |
| Страници | 158 с |
| Размери/Мащаб | 24 см |
| 380 ## - Жанр | |
| Жанр | Литературознание |
| 490 ## - СЕРИИ (Колекции) | |
| Име на серия | Частна колекция - Академик Михаил Арнаудов |
| Бележки за серията | Дарение - Основен фонд |
| 500 ## - Общи забележки | |
| Забележка | Автограф с текст: На проф. М. Арнаудов с уважение София, 27. VI. 1960 К. Куев; ; Адрес : К. Куев, София, ул. Кр. Сарафов 14 а.; Отпеч. от Год. СУ "Св. Кл. Охридски", Филол. фак.: Т. LII.-1. - 1956-1957. - с. 59-217. |
| 600 #0 - Име на лице, използвано като предмет | |
| За него / За нея | Мицкевич, Адам Бернард |
| 9 (RLIN) | 260133 |
| 650 #0 - Допълнително описание по предмет – тема | |
| Основно описание – тема или топоним | Полска литература - история |
| 9 (RLIN) | 266852 |
| 653 #7 - Ключова дума – ненормативна | |
| 9 (RLIN) | 189974 |
| Ключова дума | литературна критика |
| 852 ## - Местоположение | |
| Форматна сигнатура | МА 4162 |
| Фондова буква | Фонд "Михаил Арнаудов" |
| 856 ## - Електронен адрес и достъп | |
| Инструкция (цена за достъп) | 0.00 |
| Права за достъп | disable |
| 999 ## - СИСТЕМНИ КОНТРОЛНИ НОМЕРА | |
| Koha biblionumber | 341803 |
| Koha biblioitemnumber | 341803 |
| 942 ## - АРТИКУЛИ | |
| Вид на библиотечния материал | Книги |
| Скрит в OPAC | Не |
| Периодичен библиозапис | Да |
| 944 ## - СЪЗДАВАНЕ И РЕДАКЦИЯ на ЗАПИСА | |
| Създаване/Редакция | Създаване |
| Дата на регистрацията/редакция | 1994 |
| 999 ## - СИСТЕМНИ КОНТРОЛНИ НОМЕРА | |
| Koha biblioitemnumber | 341803 |
| 999 ## - СИСТЕМНИ КОНТРОЛНИ НОМЕРА | |
| Koha biblioitemnumber | 341803 |
| 999 ## - СИСТЕМНИ КОНТРОЛНИ НОМЕРА | |
| Koha biblioitemnumber | 341803 |
| Код за отписване | Код за изгубен артикул | Източник на класификационната схема | Код за повреда | Коз за рестрикции | Код за отдаване | Артикулен № | Име на библиотеката - собственик | Име на библиотеката, в която се намира в момента | Статус (Текущо местоположение) | Местоположение - отдел | Цена в лева | Номерация (Хронология) | Инвентарен номер | Систематично азбучна сигнатура | Баркод | Номер на екземпляра | Цена в евро | Служебен тип на артикула |
|---|---|---|---|---|---|---|---|---|---|---|---|---|---|---|---|---|---|---|
| Не е изгубен | Universal Decimal Classification | Не е повреден | само за читалня | Специални фондове ( старопечатни, редки и ценни, фонд М. Арнаудов) | 741804 | Регионална библиотека "Любен Каравелов" Русе | Регионална библиотека "Любен Каравелов" Русе | Фонд "Михаил Арнаудов" | Фонд "Михаил Арнаудов" | 50.00 | Автограф: Куйо Куев | 591793 | МА 4162 | 120000591793 | 1 | 25.56 | Книги |